| 000 | 00682nam a2200217Ii 4500 | ||
|---|---|---|---|
| 003 | JO-AjNU | ||
| 008 | 230606s9999||||xx |||||||||||||| ||und|| | ||
| 020 | _a978-1-86197-822-6 | ||
| 040 |
_aJO-AjNU _beng _erda _cJO-AjNU |
||
| 041 | _aeng | ||
| 050 | 1 | 4 | _aHD69.P75 R63 2009 |
| 100 | 3 |
_aRoberts,Paul, _eauthor _91239 |
|
| 245 | 0 | 0 | _aGuide to project management : achieving lasting benefit through effective change |
| 250 | _a1 ed | ||
| 264 | 3 | 1 | _aLondon : Profile,2009 |
| 300 |
_a311p _bIncludes glossary indexes(p279-311) |
||
| 336 |
_atext _btxt _2rdacontent |
||
| 337 |
_aunmediated _bn _2rdamedia |
||
| 338 |
_avolume _bnc _2rdacarrier |
||
| 650 | 4 |
_aProject management. _91240 |
|
| 999 |
_aE653 _c653 _d653 |
||